[Event "Championnat de Paris"]
[Site "Paris"]
[Date "????.??.??"]
[Round "2.33"]
[White "Reinhart, Emmanuel"]
[Black "Sochacki, Christophe"]
[Result "1-0"]
[WhiteElo "2266"]
[BlackElo "2030"]
[PlyCount "165"]

1. e4 c5 2. Nf3 e6 3. d4 cxd4 4. Nxd4 a6 5. Nc3 b5 6. Be3 Bb7 7. f3 Nf6 8. Qd2
Bb4 9. a3 Be7 10. e5 Nd5 11. Nxd5 Bxd5 12. Nf5 Bf8 13. O-O-O Qc7 14. Bf4 Nc6
15. Ne3 Na5 16. Kb1 Bc6 17. Bd3 Rb8 18. Rhe1 b4 19. b3 bxa3 20. Nf5 Nb7 21. Ka2
a5 22. Be4 Nc5 23. Bxc6 Qxc6 24. Nd6+ Bxd6 25. Qxd6 Na6 26. Qxc6 Nb4+ 27. Kxa3
dxc6 28. Re2 Nd5 29. Bd2 O-O 30. c4 Nb4 31. Bc3 h6 32. Rd6 Rb7 33. Red2 Kh7 34.
Rd8 Rxd8 35. Rxd8 Nc2+ 36. Ka4 Ne3 37. g4 Kg6 38. h3 Ng2 39. Bxa5 Kg5 40. b4
Ne3 41. Rd4 Kh4 42. Kb3 Kxh3 43. Rd3 Ng2 44. Rd6 Ne1 45. Rxc6 Nxf3 46. Rc7 Rxc7
47. Bxc7 Kxg4 48. Bd8 g5 49. b5 h5 50. b6 h4 51. b7 h3 52. b8=Q h2 53. Qb7 h1=Q
54. Qe4+ Kg3 55. Kb4 Qh8 56. Bc7 Qc8 57. Bd6 g4 58. c5 Nh2 59. c6 Kh3 60. c7 g3
61. Qc6 Ng4 62. Qh1+ Nh2 63. Qe4 g2 64. Qe3+ Kg4 65. Qe4+ Kg3 66. Qe1+ Kg4 67.
Qd1+ Kg3 68. Qe1+ Kg4 69. Qe4+ Kg3 70. Qe1+ Kh3 71. Qe3+ Kh4 72. Be7+ Kg4 73.
Qe4+ Kg3 74. Qh4+ Kf3 75. Qh3+ Kf2 76. Bc5+ Kf1 77. Qd3+ Ke1 78. Qe3+ Kd1 79.
Kc3 Nf1 80. Qf3+ Kc1 81. Ba3+ Kb1 82. Qd1+ Ka2 83. Qb3+ 1-0

[Event "Championnat de Paris"]
[Site "Paris"]
[Date "????.??.??"]
[Round "3.1"]
[White "Moradiabadi, Elshan"]
[Black "Fressinet, Laurent"]
[Result "1-0"]
[WhiteElo "2502"]
[BlackElo "2626"]
[PlyCount "65"]

1. d4 d5 2. c4 c6 3. Nf3 Nf6 4. e3 Bf5 5. Nc3 e6 6. Nh4 Bg6 7. Nxg6 hxg6 8. g3
Nbd7 9. Qb3 Qc7 10. Bg2 Be7 11. Bd2 Nb6 12. cxd5 exd5 13. e4 dxe4 14. Nxe4 Nfd5
15. Rc1 a5 16. a3 a4 17. Qf3 Rd8 18. O-O O-O 19. Rfd1 Qb8 20. h4 Nd7 21. Rc4
Qa7 22. h5 gxh5 23. Qxh5 N7f6 24. Qh3 Rfe8 25. Ng5 Bf8 26. Rcc1 Qb6 27. Rb1 g6
28. Qh4 Bg7 29. Bf3 Ne7 30. d5 Nf5 31. Qxa4 Nxd5 32. Qa5 Nd4 33. Bxd5 1-0

[Event "Championnat de Paris"]
[Site "Paris"]
[Date "????.??.??"]
[Round "3.2"]
[White "Jovanic, Ognjen"]
[Black "Bauer, Christian"]
[Result "1-0"]
[WhiteElo "2464"]
[BlackElo "2599"]
[PlyCount "103"]

1. d4 b6 2. c4 Bb7 3. Nc3 e6 4. a3 f5 5. d5 Nf6 6. g3 Bd6 7. Bg2 Be5 8. Bd2 Na6
9. Nh3 Nc5 10. O-O O-O 11. Qc2 a5 12. Rad1 Qe8 13. Nf4 Nce4 14. Nxe4 Nxe4 15.
Bc1 a4 16. Bxe4 fxe4 17. Qxe4 Bxf4 18. Bxf4 exd5 19. Qxe8 Raxe8 20. Rfe1 c6 21.
cxd5 cxd5 22. Rd4 Re4 23. Be3 b5 24. Rd2 Rc8 25. Bd4 Rc4 26. Bc3 g5 27. f3 Re6
28. Rd4 Kf7 29. Kf2 h5 30. Red1 Kg6 31. Rxc4 bxc4 32. Rd4 Bc6 33. Bd2 Re8 34.
h3 Rb8 35. Bb4 Re8 36. Bc3 Re7 37. h4 gxh4 38. Rxh4 Re8 39. Bd4 Bb5 40. Bc3 Bc6
41. Rf4 Re6 42. Bd4 Bb5 43. e3 Bc6 44. Rf8 Re7 45. Rf6+ Kh7 46. Kg2 Kg8 47. Rf5
Rh7 48. Kh3 d6 49. Kh4 Be8 50. Rxd5 Rh6 51. Rg5+ Kf7 52. Rxh5 1-0

[Event "Championnat de Paris"]
[Site "Paris"]
[Date "????.??.??"]
[Round "3.3"]
[White "Tregubov, Pavel V"]
[Black "Evdokimov, Alexander A"]
[Result "1-0"]
[WhiteElo "2594"]
[BlackElo "2500"]
[PlyCount "81"]

1. d4 Nf6 2. Nf3 e6 3. c4 c5 4. d5 d6 5. Nc3 g6 6. e4 Bg7 7. h3 O-O 8. Bd3 exd5
9. exd5 Qe7+ 10. Be3 Bh6 11. O-O Bxe3 12. Qe2 Nbd7 13. Rae1 Re8 14. Nb5 Bxf2+
15. Qxf2 Qf8 16. Ng5 Rxe1 17. Qxe1 a6 18. Nc7 Ra7 19. Qh4 b6 20. Nxh7 Nxh7 21.
Ne6 Qe8 22. Qh6 fxe6 23. Bxg6 Ndf6 24. Bxe8 Nxe8 25. dxe6 Rg7 26. Rf7 Nf8 27.
Rxg7+ Nxg7 28. e7 Nfe6 29. Qg6 Bd7 30. g4 b5 31. b3 Be8 32. Qf6 Bf7 33. h4 Ne8
34. Qh6 bxc4 35. bxc4 N6g7 36. h5 Bxc4 37. Qg5 Bxa2 38. h6 Bf7 39. hxg7 Nxg7
40. Qh6 Ne8 41. g5 1-0

[Event "Championnat de Paris"]
[Site "Paris"]
[Date "????.??.??"]
[Round "3.5"]
[White "Monroy, Charles"]
[Black "Dizdar, Goran"]
[Result "0-1"]
[WhiteElo "2388"]
[BlackElo "2521"]
[PlyCount "74"]

1. e4 e6 2. d4 d5 3. Nd2 Nf6 4. e5 Nfd7 5. Bd3 c5 6. c3 Nc6 7. Ngf3 a5 8. O-O
a4 9. a3 Be7 10. Re1 cxd4 11. cxd4 Nb6 12. Nb1 Na5 13. Nc3 Bd7 14. Bc2 Nac4 15.
Rb1 Bc6 16. Nd2 Nxd2 17. Qxd2 Nc4 18. Qd3 h5 19. h3 g5 20. Qf3 Qa5 21. Re2 Qb6
22. Be3 Qa5 23. Bd2 Qa7 24. Be3 Qa5 25. Bd2 b5 26. Bd3 Nxd2 27. Rxd2 b4 28.
axb4 Qxb4 29. Rc1 g4 30. hxg4 Bg5 31. Nb5 Bxb5 32. Rc7 Bd7 33. Rd1 hxg4 34.
Qxg4 Bd8 35. Rc3 Qf8 36. Bb1 Rb8 37. Rf3 Qg8 0-1

[Event "Championnat de Paris"]
[Site "Paris"]
[Date "????.??.??"]
[Round "3.6"]
[White "Drasko, Milan"]
[Black "Marzolo, Cyril"]
[Result "1/2-1/2"]
[WhiteElo "2521"]
[BlackElo "2440"]
[PlyCount "28"]

1. Nf3 Nf6 2. g3 g6 3. Bg2 Bg7 4. c4 O-O 5. d4 c5 6. O-O cxd4 7. Nxd4 d5 8.
cxd5 Nxd5 9. Nb5 a6 10. N5c3 Nxc3 11. Nxc3 Nc6 12. Bd2 Bf5 13. Rc1 Rc8 14. b3
Rc7 1/2-1/2

[Event "Championnat de Paris"]
[Site "Paris"]
[Date "????.??.??"]
[Round "3.7"]
[White "Fedorchuk, Sergey A"]
[Black "Pira, Davoud"]
[Result "1/2-1/2"]
[WhiteElo "2592"]
[BlackElo "2386"]
[PlyCount "35"]

1. e4 g6 2. d4 Bg7 3. Nf3 d6 4. Nc3 Nd7 5. h3 a6 6. a4 e6 7. Bc4 b6 8. O-O Ne7
9. Bf4 Bb7 10. Qd2 h6 11. Rfe1 g5 12. Bg3 Ng6 13. Rad1 O-O 14. Nh2 Kh8 15. Nf1
Nf6 16. Qe2 Qe7 17. Bd3 Nd7 18. Bc4 {illisible} 1/2-1/2

[Event "Championnat de Paris"]
[Site "Paris"]
[Date "????.??.??"]
[Round "3.8"]
[White "Leconte, Maria"]
[Black "Landa, Konstantin"]
[Result "0-1"]
[WhiteElo "2304"]
[BlackElo "2584"]
[PlyCount "76"]

1. e4 c5 2. Nf3 e6 3. d4 cxd4 4. Nxd4 a6 5. Nc3 Qc7 6. g3 Nf6 7. Bg2 Be7 8. O-O
d6 9. Be3 Nc6 10. Nxc6 bxc6 11. Na4 Rb8 12. c4 c5 13. b3 O-O 14. Qe2 Bb7 15.
Bd2 Nd7 16. Bc3 Bc6 17. Nb2 Bf6 18. Bxf6 Nxf6 19. Rfd1 a5 20. e5 dxe5 21. Bxc6
Qxc6 22. Qxe5 Rbd8 23. Rxd8 Rxd8 24. Rd1 Rxd1+ 25. Nxd1 Nd7 26. Qf4 a4 27. bxa4
Qxa4 28. Qd6 h5 29. Nc3 Qxc4 30. Qxd7 Qxc3 31. Qe8+ Kh7 32. Qxf7 Qe5 33. a4 c4
34. Kf1 Qd5 35. f4 c3 36. f5 Qf3+ 37. Ke1 exf5 38. g4 Qxg4 0-1

[Event "Championnat de Paris"]
[Site "Paris"]
[Date "????.??.??"]
[Round "3.9"]
[White "Jankovic, Alojzije"]
[Black "Manouck, Thierry"]
[Result "1-0"]
[WhiteElo "2525"]
[BlackElo "2337"]
[PlyCount "115"]

1. d4 d6 2. Nf3 Nf6 3. c4 Nbd7 4. Nc3 e5 5. e4 c6 6. Be2 Be7 7. O-O a6 8. Rb1
O-O 9. Re1 Qc7 10. b4 b5 11. Bf1 Re8 12. Qb3 exd4 13. Nxd4 Ne5 14. cxb5 axb5
15. h3 Bd7 16. Be3 Bd8 17. Rbd1 Qb8 18. Bg5 Ng6 19. Qc2 h6 20. Be3 Bc7 21. g3
Ne5 22. f4 Nc4 23. Bf2 Na3 24. Qb3 Ra6 25. Rd2 Bb6 26. Qd1 Bc7 27. Qc1 Nc4 28.
Rdd1 Na3 29. Nb3 Be6 30. Na5 Nc4 31. Nb3 Na3 32. Kh2 Bc4 33. Bg2 h5 34. Bd4 h4
35. g4 d5 36. e5 Nd7 37. Kh1 Ra8 38. g5 Nf8 39. Nc5 Qc8 40. Rd2 Ne6 41. Nxe6
Qxe6 42. Rf2 Bd3 43. Re3 Bf5 44. Nxd5 cxd5 45. Rxa3 Rxa3 46. Qxa3 Be4 47. Bxe4
dxe4 48. Qe3 Qc4 49. Qc3 Rd8 50. Qxc4 bxc4 51. Be3 c3 52. Kg2 Rd3 53. Re2 Kh7
54. Kf2 Kg6 55. a4 Kf5 56. a5 Bb8 57. Rc2 Ke6 58. a6 1-0

[Event "Championnat de Paris"]
[Site "Paris"]
[Date "????.??.??"]
[Round "3.10"]
[White "Badev, Kiril"]
[Black "Fridman, Daniel"]
[Result "0-1"]
[WhiteElo "2340"]
[BlackElo "2569"]
[PlyCount "33"]

1. e4 e5 2. Nf3 Nf6 3. Nxe5 d6 4. Nf3 Nxe4 5. d4 d5 6. Bd3 Nc6 7. c4 Bb4+ 8.
Kf1 Bg4 9. cxd5 Qxd5 10. Qe2 f5 11. h3 Nxd4 12. Qe3 Nxf3 13. gxf3 Bxf3 14. Qxf3
Ng3+ 15. Kg2 Qxf3+ 16. Kxf3 Nxh1 17. Kg2 0-1

[Event "Championnat de Paris"]
[Site "Paris"]
[Date "????.??.??"]
[Round "3.11"]
[White "David, Alberto"]
[Black "Dourerassou, Jonathan"]
[Result "1-0"]
[WhiteElo "2546"]
[BlackElo "2336"]
[PlyCount "111"]

1. e4 c5 2. Nf3 Nc6 3. Bb5 d6 4. O-O Bd7 5. c3 Nf6 6. Re1 a6 7. Ba4 c4 8. Na3
b5 9. Bc2 e5 10. b3 cxb3 11. axb3 Be7 12. h3 O-O 13. d4 Qc7 14. d5 Na5 15. Bd2
Rfc8 16. Qe2 Bd8 17. Ra2 Nb7 18. b4 a5 19. Bd3 axb4 20. cxb4 Qb8 21. Rea1 Bb6
22. Nxb5 Rxa2 23. Rxa2 Ne8 24. Na3 Qa7 25. Bg5 Ra8 26. Bb1 Qb8 27. Nc4 Rxa2 28.
Qxa2 Ba7 29. Bd3 Nc7 30. Bd2 Nb5 31. Ne3 Bb6 32. Qa6 Bxe3 33. Bxe3 Nc7 34. Qb6
f5 35. exf5 Qc8 36. Qa7 Kh8 37. Ng5 h6 38. Ne6 Nxd5 39. Be4 Nxe3 40. fxe3 Nd8
41. Nxd8 Qxd8 42. Qa8 Qxa8 43. Bxa8 Kg8 44. Bd5+ Kf8 45. e4 Ke7 46. g4 Kf6 47.
h4 Bb5 48. Kf2 g5 49. h5 Ke7 50. Ke3 Kf6 51. Bb3 Ke7 52. Bc2 Bc6 53. Bd3 d5 54.
exd5 Bxd5 55. b5 Kd6 56. b6 1-0

[Event "Championnat de Paris"]
[Site "Paris"]
[Date "????.??.??"]
[Round "3.12"]
[White "Karim, Ismael"]
[Black "Guliyev, Namig"]
[Result "1/2-1/2"]
[WhiteElo "2288"]
[BlackElo "2543"]
[PlyCount "112"]

1. e4 c5 2. Nf3 e6 3. d4 cxd4 4. Nxd4 a6 5. c4 Nf6 6. Nc3 Qc7 7. a3 b6 8. Be3
Bb7 9. f3 d6 10. Be2 Be7 11. Rc1 O-O 12. O-O Nbd7 13. b4 Rac8 14. Qd2 Rfe8 15.
Rfd1 Qb8 16. Kh1 Bd8 17. Nb3 Bc7 18. Bf4 Ne5 19. Bxe5 dxe5 20. Qe3 h6 21. a4
Bd6 22. Na2 Bc7 23. Nc3 a5 24. bxa5 bxa5 25. c5 Red8 26. Nb5 Bc6 27. Qc3 Rxd1+
28. Rxd1 Be8 29. Rc1 Bd8 30. Nd6 Rc7 31. Nb5 Rc8 32. Nd6 Rc7 33. Nxe8 Nxe8 34.
Nxa5 Bg5 35. Rd1 Qa7 36. c6 Kh7 37. Bb5 Be3 38. Nb3 Nf6 39. Qxe5 Rc8 40. Qc3
Bb6 41. Qc2 Kg8 42. Nd2 Bc7 43. Nf1 Be5 44. g3 g5 45. Qd2 Kg7 46. Ne3 Bc7 47.
Nc4 Rd8 48. Qe2 Rxd1+ 49. Qxd1 Qf2 50. Nd2 h5 51. Qe2 Qd4 52. Nf1 g4 53. Qe3
Qb2 54. Qd2 Qe5 55. Qf4 Qb2 56. Qd2 Qe5 1/2-1/2

[Event "Championnat de Paris"]
[Site "Paris"]
[Date "????.??.??"]
[Round "3.13"]
[White "Zatonskih, Anna"]
[Black "Salaun, Yann"]
[Result "0-1"]
[WhiteElo "2432"]
[BlackElo "2312"]
[PlyCount "90"]

1. d4 d5 2. c4 c6 3. Nc3 Nf6 4. Nf3 a6 5. e3 g6 6. Be2 Bg7 7. O-O O-O 8. Qb3 e6
9. Rd1 b5 10. cxb5 axb5 11. a3 Nbd7 12. Na2 Ne4 13. Nb4 Qb6 14. Nd3 Bb7 15. Rb1
Rfb8 16. Bd2 Qd8 17. Bb4 Nb6 18. Qc2 Nc4 19. Ra1 Bf8 20. b3 Ncd6 21. Nd2 Nxd2
22. Qxd2 Ne4 23. Qc2 Bg7 24. Rac1 h5 25. Bf1 Bh6 26. Qe2 Rc8 27. Rc2 Rab8 28.
f3 Nd6 29. e4 dxe4 30. fxe4 Nxe4 31. Ne5 c5 32. Bxc5 Qg5 33. Nd7 Bd5 34. Nxb8
Rxb8 35. Rd3 h4 36. Bb4 Qf6 37. Qf3 Bf4 38. Qe2 Kg7 39. Qg4 Rh8 40. Rf3 Qxd4+
41. Kh1 Ng3+ 42. Rxg3 hxg3 43. h3 e5 44. Bc3 Rxh3+ 45. Qxh3 Qd1 0-1

[Event "Championnat de Paris"]
[Site "Paris"]
[Date "????.??.??"]
[Round "3.14"]
[White "Camus De Solliers, Guillaume"]
[Black "Chabanon, Jean-Luc"]
[Result "0-1"]
[WhiteElo "2307"]
[BlackElo "2404"]
[PlyCount "120"]

1. d4 Nf6 2. c4 e6 3. Nf3 c5 4. d5 exd5 5. cxd5 Bd6 6. Nc3 O-O 7. g3 Bc7 8. Bg2
d6 9. O-O a6 10. a4 Nbd7 11. e4 Rb8 12. Re1 Re8 13. Qc2 b5 14. axb5 axb5 15.
Bf1 c4 16. Nd4 Ne5 17. Kh1 Bd7 18. Bf4 b4 19. Na4 b3 20. Qd1 Nfg4 21. Kg2 Qf6
22. Qd2 Ra8 23. Nc3 Bb6 24. h3 Nxf2 25. Qxf2 Nd3 26. Bxd3 Bxd4 27. Be3 Bxc3 28.
Qxf6 Bxf6 29. Rxa8 Rxa8 30. Bxc4 Ra4 31. Bxb3 Rxe4 32. Bc2 Re8 33. Bd2 Rxe1 34.
Bxe1 Bxb2 35. g4 Be5 36. Kf3 Bb5 37. h4 Bc4 38. Ke4 g6 39. g5 Kg7 40. Bf2 Bf1
41. Kf3 Bh3 42. Be3 Kf8 43. Ba4 Ke7 44. Bc6 Bd7 45. Bb7 Bc3 46. Ba6 Be1 47. h5
gxh5 48. Bd3 Bg4+ 49. Kg2 Bc3 50. Bxh7 Be5 51. Bf2 f5 52. Bg8 f4 53. g6 Kf6 54.
Bf7 Kg7 55. Bh4 f3+ 56. Kf1 Bd4 57. Bg3 Bh3+ 58. Ke1 Bf5 59. Kf1 Bd3+ 60. Ke1
Bc5 0-1

[Event "Championnat de Paris"]
[Site "Paris"]
[Date "????.??.??"]
[Round "3.15"]
[White "Rohit, G."]
[Black "Reinhart, Emmanuel"]
[Result "1-0"]
[WhiteElo "2401"]
[BlackElo "2266"]
[PlyCount "69"]

1. e4 c5 2. Nf3 e6 3. d4 cxd4 4. Nxd4 a6 5. Bd3 Qc7 6. O-O Nf6 7. Qe2 Bc5 8.
Nb3 Ba7 9. N1d2 h5 10. e5 Ng4 11. Nc4 Nc6 12. Bf4 b5 13. Nd6+ Ke7 14. Be4 Ncxe5
15. Bxa8 Qxd6 16. h3 g5 17. Bxg5+ f6 18. Bf4 Nh6 19. Rae1 Nhf7 20. Be3 Qb8 21.
Be4 f5 22. Bxf5 exf5 23. f4 Bb7 24. Bxa7 Qxa7+ 25. Qf2 Qa8 26. fxe5 Bxg2 27.
Qh4+ Kf8 28. Rxf5 Rg8 29. Kf2 Bh1 30. Rf1 Be4 31. Rxf7+ Kxf7 32. Ke3+ Ke8 33.
Qxe4 Qd8 34. Qf4 Qe7 35. Kd2 1-0

[Event "Championnat de Paris"]
[Site "Paris"]
[Date "????.??.??"]
[Round "3.16"]
[White "Morelle, Ludovic"]
[Black "Bergez, Luc"]
[Result "1/2-1/2"]
[WhiteElo "2283"]
[BlackElo "2398"]
[PlyCount "86"]

1. d4 d5 2. Nc3 c5 3. e4 dxe4 4. d5 g6 5. Nxe4 Bg7 6. c3 Nd7 7. Be3 Ngf6 8.
Nxf6+ Nxf6 9. Bc4 O-O 10. Ne2 b6 11. Qb3 a6 12. a4 Bd7 13. O-O Ng4 14. Bf4 Ne5
15. Bxe5 Bxe5 16. Ng3 Qc7 17. Rfe1 Bd6 18. Be2 b5 19. axb5 axb5 20. Bf3 Ra4 21.
Nf1 Rfa8 22. Rxa4 bxa4 23. Qa2 Rb8 24. Re2 Qb6 25. Ne3 Qb3 26. Qa1 a3 27. bxa3
Ra8 28. Ra2 Be5 29. Nd1 Ra5 30. h4 Bf5 31. g3 Bd3 32. Kg2 h5 33. Rb2 Qxa3 34.
Qc1 c4 35. Qe3 Bf6 36. Rb6 Qc5 37. Qxc5 Rxc5 38. Rc6 Rb5 39. Ne3 Bxc3 40. Nxc4
Bd4 41. d6 exd6 42. Rxd6 Bxc4 43. Rxd4 Be6 1/2-1/2

[Event "Championnat de Paris"]
[Site "Paris"]
[Date "????.??.??"]
[Round "3.17"]
[White "Peyrat, Olivier"]
[Black "Karr, Jean-Philippe"]
[Result "1/2-1/2"]
[WhiteElo "2251"]
[BlackElo "2394"]
[PlyCount "70"]

1. Nf3 c5 2. c4 Nf6 3. g3 d5 4. cxd5 Nxd5 5. Bg2 Nc6 6. Nc3 Nc7 7. O-O e5 8.
Ne1 Bg4 9. Qa4 Qd7 10. Bxc6 bxc6 11. Nd3 f6 12. f4 Qd4+ 13. Rf2 Qxa4 14. Nxa4
c4 15. Ndc5 Ne6 16. Nxe6 Bxe6 17. fxe5 fxe5 18. Rf3 Rb8 19. d3 Rb4 20. Nc3 Bc5+
21. Be3 Bd4 22. Bxd4 exd4 23. Nd1 Rf8 24. Rxf8+ Kxf8 25. Rc1 cxd3 26. exd3 Bg4
27. b3 Rb5 28. Nb2 Re5 29. Rc2 Ke7 30. Nc4 Re1+ 31. Kf2 Re6 32. b4 Rf6+ 33. Ke1
Re6+ 34. Kf2 Rf6+ 35. Ke1 Re6+ 1/2-1/2

[Event "Championnat de Paris"]
[Site "Paris"]
[Date "????.??.??"]
[Round "3.18"]
[White "Draoui, Najib"]
[Black "Houhou, Olivier"]
[Result "1-0"]
[WhiteElo "2379"]
[BlackElo "2255"]
[PlyCount "69"]

1. e4 c5 2. Nf3 e6 3. d4 cxd4 4. Nxd4 a6 5. Nc3 Qc7 6. Bd3 Nc6 7. Nxc6 dxc6 8.
O-O Nf6 9. f4 e5 10. Kh1 Bc5 11. f5 h5 12. Qf3 Ng4 13. Qg3 Bd7 14. Be2 O-O-O
15. Bxg4 hxg4 16. Na4 Ba7 17. Be3 Bxe3 18. Qxe3 Rh6 19. Rfd1 c5 20. Nxc5 Bc6
21. Rxd8+ Qxd8 22. Kg1 Qh4 23. Qg3 Qxg3 24. hxg3 Rd6 25. Re1 Rd2 26. Nd3 Rxc2
27. Nxe5 Rxb2 28. Nxf7 Rxa2 29. Ng5 Rd2 30. Ne6 Rd7 31. Kf2 Re7 32. Ke3 g6 33.
Kf4 gxf5 34. exf5 Kd7 35. Rd1+ 1-0

[Event "Championnat de Paris"]
[Site "Paris"]
[Date "????.??.??"]
[Round "3.19"]
[White "Touboulic, Julien"]
[Black "Spiridonov, Nikola"]
[Result "1-0"]
[WhiteElo "2244"]
[BlackElo "2378"]
[PlyCount "39"]

1. e4 c5 2. Nf3 Nc6 3. Nc3 g6 4. d4 cxd4 5. Nxd4 Bg7 6. Be3 Nf6 7. Bc4 d6 8. f3
Qb6 9. Nf5 Qxb2 10. Nxg7+ Kf8 11. Nd5 Nxd5 12. Bxd5 Kxg7 13. O-O Qc3 14. Qc1 h6
15. Rb1 Nd8 16. Rb3 Qc7 17. f4 f6 18. Bd4 Be6 19. Rg3 Bf7 20. h4 1-0

[Event "Championnat de Paris"]
[Site "Paris"]
[Date "????.??.??"]
[Round "3.20"]
[White "Mullon, Jean-Baptiste"]
[Black "Spielmann, Alain"]
[Result "1-0"]
[WhiteElo "2375"]
[BlackElo "2231"]
[PlyCount "75"]

1. e4 c6 2. d4 d5 3. Nc3 dxe4 4. Nxe4 Bf5 5. Ng3 Bg6 6. h4 h6 7. Bc4 e6 8. N1e2
Nf6 9. Nf4 Bh7 10. Bb3 Bd6 11. Ngh5 Rg8 12. Qe2 Nxh5 13. Qxh5 Qf6 14. Nxe6 Bg6
15. Qe2 fxe6 16. Bxe6 Kf8 17. Rh3 Nd7 18. Bxd7 Bf7 19. Rf3 Qe7 20. Be6 Re8 21.
Rxf7+ Qxf7 22. Bxf7 Rxe2+ 23. Kxe2 Kxf7 24. Be3 Kg6 25. c4 Kh5 26. g3 Kg4 27.
Rd1 Re8 28. Rb1 a5 29. b3 Bc7 30. a3 Bd6 31. c5 Be7 32. Rc1 Rd8 33. Rc4 Rd5 34.
Ra4 Bd8 35. b4 b5 36. cxb6 Bxb6 37. bxa5 Bxa5 38. Rc4 1-0

[Event "Championnat de Paris"]
[Site "Paris"]
[Date "????.??.??"]
[Round "3.21"]
[White "Calistri, Tristan"]
[Black "Blazkova, Petra"]
[Result "1-0"]
[WhiteElo "2370"]
[BlackElo "2173"]
[PlyCount "83"]

1. e4 c5 2. Nf3 d6 3. d4 cxd4 4. Nxd4 Nf6 5. Nc3 a6 6. Be2 e6 7. O-O Qc7 8. f4
Be7 9. Kh1 O-O 10. a4 Nc6 11. Be3 Re8 12. Bf3 Rb8 13. g4 Bf8 14. g5 Nd7 15. Bg2
g6 16. Qe1 b6 17. Qh4 Na5 18. Rad1 Bb7 19. Rf3 Bg7 20. Rh3 Nf8 21. f5 exf5 22.
exf5 Bxg2+ 23. Kxg2 Be5 24. Nd5 Qc4 25. Nf6+ Bxf6 26. gxf6 Qd5+ 27. Kf2 h5 28.
Rg1 Qe5 29. c3 Nc4 30. Bf4 Qe4 31. Qg5 Ne5 32. Bxe5 Rxe5 33. Qh6 Rxf5+ 34. Nxf5
Qxf5+ 35. Rf3 Qc2+ 36. Kg3 Ne6 37. Re1 Rb7 38. h4 Qxa4 39. b4 Qb3 40. Rxe6 fxe6
41. Qxg6+ Kf8 42. f7 1-0

[Event "Championnat de Paris"]
[Site "Paris"]
[Date "????.??.??"]
[Round "3.22"]
[White "Emmenecker, Philippe"]
[Black "Nguyen, Chi-Minh"]
[Result "0-1"]
[WhiteElo "2175"]
[BlackElo "2343"]
[PlyCount "62"]

1. d4 Nf6 2. c4 e6 3. Nf3 b6 4. g3 Bb7 5. Bg2 Be7 6. O-O O-O 7. d5 exd5 8. Nh4
c6 9. cxd5 Nxd5 10. Nf5 Bf6 11. Re1 Ne7 12. Nd6 Ba6 13. e4 Be5 14. Nc3 c5 15.
f4 Bxd6 16. Qxd6 Nbc6 17. Be3 Nb4 18. Qd2 d5 19. exd5 Nf5 20. Be4 Nd6 21. Bb1
Nc4 22. Qg2 Re8 23. Bf2 Nxb2 24. Rxe8+ Qxe8 25. Bxh7+ Kxh7 26. Re1 Qd7 27. Ne4
N2d3 28. g4 Nxf2 29. Nxf2 Qxd5 30. Qh3+ Kg8 31. Re5 Qc4 0-1

[Event "Championnat de Paris"]
[Site "Paris"]
[Date "????.??.??"]
[Round "3.23"]
[White "Do, Huu-Thi"]
[Black "Elbilia, Jacques"]
[Result "1-0"]
[WhiteElo "2170"]
[BlackElo "2358"]
[PlyCount "119"]

1. e4 d6 2. Bc4 c6 3. Qf3 Nf6 4. Bb3 e5 5. d3 Be7 6. h3 O-O 7. Ne2 a5 8. c3 a4
9. Bc2 Ne8 10. g4 Bg5 11. Nd2 Qf6 12. Qg2 d5 13. h4 Bxd2+ 14. Bxd2 dxe4 15.
dxe4 Qe6 16. Ng3 Nd6 17. g5 Rd8 18. h5 Nc4 19. Bc1 Qd6 20. O-O g6 21. f4 Nd7
22. Rd1 Qc5+ 23. Qf2 Qxf2+ 24. Kxf2 exf4 25. Bxf4 Nxb2 26. Rd4 c5 27. Rd5 Re8
28. hxg6 fxg6 29. e5 Nc4 30. Re1 Ra6 31. Bd3 b5 32. Bxc4 bxc4 33. Rb1 Nf8 34.
Rb8 Ne6 35. Be3 Rf8+ 36. Ke1 Bd7 37. Rxf8+ Nxf8 38. Ne4 Be6 39. Rd8 Rc6 40.
Bxc5 Rc8 41. Rxc8 Bxc8 42. Bxf8 Kxf8 43. a3 Bb7 44. Nc5 Bc6 45. Kf2 Kg8 46. Ke3
h5 47. gxh6 Kh7 48. Kf4 Kxh6 49. Ne6 Kh5 50. Ng5 Kh4 51. e6 Bb5 52. e7 Be8 53.
Nh7 Bc6 54. Ng5 Be8 55. Ne4 Bc6 56. Nf6 g5+ 57. Ke3 Kh3 58. e8=Q Bxe8 59. Nxe8
g4 60. Nc7 1-0

[Event "Championnat de Paris"]
[Site "Paris"]
[Date "????.??.??"]
[Round "3.24"]
[White "Kazhgaleyev, Murtas"]
[Black "Colson, Arnaud"]
[Result "1-0"]
[WhiteElo "2606"]
[BlackElo "2211"]
[PlyCount "71"]

1. d4 Nf6 2. c4 g6 3. Nc3 Bg7 4. e4 d6 5. h3 O-O 6. Bg5 Na6 7. Bd3 e5 8. d5 Qe8
9. g4 Nd7 10. a3 Ndc5 11. Bc2 f5 12. b4 Nxe4 13. Nxe4 fxe4 14. Bxe4 Bd7 15. Ne2
Rf7 16. Qd2 b5 17. cxb5 Bxb5 18. h4 Qd7 19. Rg1 Bf6 20. Nc3 Bxg5 21. Qxg5 Kh8
22. h5 gxh5 23. Qxh5 Bc4 24. g5 Rg7 25. g6 Rf8 26. f3 Qe7 27. O-O-O Qf6 28.
gxh7 Rff7 29. Rxg7 Qxg7 30. Qh2 Qg5+ 31. Kb1 Rf8 32. Rg1 Qe7 33. Qh6 Qf7 34.
Rg5 Rb8 35. Kc2 c5 36. Qxd6 1-0

[Event "Championnat de Paris"]
[Site "Paris"]
[Date "????.??.??"]
[Round "3.25"]
[White "Picard, Romain"]
[Black "Shchekachev, Andrei"]
[Result "1/2-1/2"]
[WhiteElo "2357"]
[BlackElo "2593"]
[PlyCount "33"]

1. e4 c5 2. Nf3 g6 3. d4 cxd4 4. Qxd4 Nf6 5. Nc3 Nc6 6. Qa4 d6 7. e5 dxe5 8.
Nxe5 Bd7 9. Nxd7 Qxd7 10. Bb5 Qe6+ 11. Be2 Bg7 12. O-O O-O 13. Bf3 Rac8 14. Be3
a6 15. Rfe1 Qf5 16. Rad1 h5 17. h3 1/2-1/2

[Event "Championnat de Paris"]
[Site "Paris"]
[Date "????.??.??"]
[Round "3.26"]
[White "Brochet, Philippe"]
[Black "Boukobza, Adrien"]
[Result "1-0"]
[WhiteElo "2398"]
[BlackElo "2192"]
[PlyCount "61"]

1. e4 e6 2. d4 d5 3. e5 c5 4. c3 Qb6 5. Ne2 Nc6 6. g3 Bd7 7. Bh3 Rc8 8. a3 cxd4
9. cxd4 Na5 10. b4 Nc4 11. O-O Qa6 12. Qe1 Nb6 13. Nbc3 Bxb4 14. Bd2 Bf8 15. f4
Ne7 16. Rf3 h5 17. f5 Nxf5 18. Rxf5 exf5 19. Nf4 Qc4 20. e6 Qxd4+ 21. Kh1 Bxe6
22. Nxe6 fxe6 23. Qxe6+ Be7 24. Bg5 Rc7 25. Qg6+ Kf8 26. Rf1 Qxc3 27. Rxf5+ Bf6
28. Bxf6 Qc1+ 29. Bf1 Qc6 30. Bxg7+ Ke7 31. Qg5+ 1-0

[Event "Championnat de Paris"]
[Site "Paris"]
[Date "????.??.??"]
[Round "3.27"]
[White "Paredes Galan, Angel"]
[Black "Saatdjian, Thomas"]
[Result "1-0"]
[WhiteElo "2361"]
[BlackElo "2202"]
[PlyCount "125"]

1. c4 e5 2. Nc3 Nf6 3. Nf3 Nc6 4. e3 Bb4 5. Qc2 O-O 6. Be2 Re8 7. O-O e4 8. Ne1
Bxc3 9. bxc3 d6 10. f3 exf3 11. Nxf3 h6 12. Rb1 Ne5 13. Nd4 c6 14. e4 d5 15.
cxd5 cxd5 16. Bb5 Bd7 17. exd5 Nxd5 18. Qa4 Nb6 19. Qb3 Bxb5 20. Nxb5 Qd7 21.
d4 Nec4 22. Qd1 Nd5 23. Qd3 Qc6 24. Qf3 Re7 25. Na3 Nd6 26. Rb3 Rae8 27. Bf4
Nxf4 28. Qxf4 Re2 29. Rf2 Re1+ 30. Rf1 R8e2 31. Qf3 Qxf3 32. gxf3 Rxf1+ 33.
Kxf1 Rxa2 34. c4 Nf5 35. d5 b6 36. Nb5 Kf8 37. h3 Ke7 38. Ke1 Kd7 39. Rb1 Ne3
40. Rc1 a6 41. Nd4 Rh2 42. Rc3 Rh1+ 43. Ke2 Ng2 44. Nf5 Nf4+ 45. Kf2 Rh2+ 46.
Ke3 Nh5 47. Rb3 Kc7 48. d6+ Kc6 49. Rd3 Kd7 50. Rb3 Kc6 51. Rd3 Nf6 52. Nxg7
Nd7 53. Nf5 Kc5 54. Nxh6 Rxh3 55. Nxf7 Kxc4 56. Rd1 Rh2 57. f4 Rh7 58. Ne5+ Kc5
59. Ke4 a5 60. Nxd7+ Rxd7 61. Ke5 Kc6 62. Ke6 Rh7 63. d7 1-0

[Event "Championnat de Paris"]
[Site "Paris"]
[Date "????.??.??"]
[Round "3.28"]
[White "Lamorelle, Julien"]
[Black "Shirazi, Kamran"]
[Result "0-1"]
[WhiteElo "2230"]
[BlackElo "2429"]
[PlyCount "32"]

1. e4 c6 2. d4 d5 3. e5 c5 4. dxc5 Nc6 5. Bb5 a6 6. Ba4 e6 7. c4 Bxc5 8. Nf3
Nge7 9. Nc3 dxc4 10. Qxd8+ Kxd8 11. Bf4 Nb4 12. Ke2 b5 13. Bd1 Bxf2 14. Ng5 Kc7
15. Rf1 Bd4 16. Bd2 f5 0-1

[Event "Championnat de Paris"]
[Site "Paris"]
[Date "????.??.??"]
[Round "3.29"]
[White "Onkoud, Abdelaziz"]
[Black "Strugnell, Carl"]
[Result "1-0"]
[WhiteElo "2427"]
[BlackElo "2216"]
[PlyCount "77"]

1. d4 d5 2. Nf3 Nf6 3. c4 c6 4. g3 dxc4 5. Bg2 b5 6. Ne5 Bb7 7. O-O Nfd7 8. f4
g6 9. Nc3 Qb6 10. Be3 f6 11. Nxd7 Nxd7 12. f5 gxf5 13. Rxf5 e6 14. Rf1 f5 15.
Bf2 Nf6 16. e4 O-O-O 17. exf5 exf5 18. Qf3 Nd5 19. Rae1 Bg7 20. Qxf5+ Kb8 21.
Bxd5 cxd5 22. Re6 Qc7 23. Nxb5 Qd7 24. Qf4+ Ka8 25. Nc7+ Kb8 26. Na6+ Ka8 27.
Nc5 Qb5 28. Re7 Rhf8 29. Qd2 Bc8 30. Rxg7 Bh3 31. Re1 Rde8 32. Rxh7 c3 33. bxc3
Rxe1+ 34. Qxe1 Re8 35. Qxe8+ Qxe8 36. Rxh3 a5 37. a4 Qe2 38. Kg2 Qg4 39. Rh6
1-0